| 000 | 00645na a2200217 4500 | ||
|---|---|---|---|
| 001 | 17672 | ||
| 003 | MIRAKIL | ||
| 005 | 20181213155025.0 | ||
| 008 | 161101b tu 000 0 | ||
| 040 |
_aMilas _btur _cTR-AnCHP |
||
| 041 | _atur | ||
| 082 |
_a331.125 _bİ77 1992 |
||
| 090 | _a331.125 İ77 1992 | ||
| 111 |
_aİstihdam seminerleri _cAnkara _d1992 _n1 |
||
| 245 |
_aİstihdam seminerleri 1 _cİş ve İşçi Bulma Kurumu |
||
| 260 |
_aAnkara _bİş ve İşçi Bulma Kurumu _c1992 |
||
| 300 |
_a116 s. _btbl. _c22 sm. |
||
| 490 |
_aİş ve İşçi Bulma Kurumu _v272 |
||
| 650 |
_aİstihdam _xToplantılar _zTürkiye |
||
| 942 |
_2ddc _cBKS |
||
| 999 |
_c5027 _d5027 |
||